| 000 | 00556nam a2200193 4500 | ||
|---|---|---|---|
| 999 |
_c196031 _d196031 |
||
| 005 | 20230518103244.0 | ||
| 010 | _aENG-136963 | ||
| 020 |
_a9788170595281 _c300.00 |
||
| 035 | _aEN-120495 | ||
| 037 | _bDBAD/PUB | ||
| 082 | _a299.934 | ||
| 100 | _aNicholson, Shirley | ||
| 245 |
_aAncient Wisdom Modern Insight/ _cBy Shirley Nicholson |
||
| 250 | _aFirst | ||
| 260 |
_aChennai _bThe Theosophical Publishing House _c2021 |
||
| 270 |
_aAdyar _bChennai _e600020 |
||
| 300 |
_axviii,242p.; _c22cm(hbk) |
||
| 942 |
_2ddc _cEN _mNIC _h299.934 |
||